| 000 | 00866caa a22002417a 4500 | ||
|---|---|---|---|
| 999 |
_c408679 _d408679 |
||
| 001 | 135332 | ||
| 003 | UA-OsUOA | ||
| 005 | 20200213091949.0 | ||
| 007 | ta | ||
| 008 | 20190118b un ||||| |||| 00| 0 ukr d | ||
| 040 |
_aUA-OsUOA _bukr _cUA-OsUOA _dUA-OsUOA |
||
| 041 | _aukr | ||
| 080 | _a908 | ||
| 090 |
_a908 _bЯ47 |
||
| 100 | _aЯковенко Н. | ||
| 245 |
_aТопос "з'єднаних народів" у панегіриках князем Острозьким і Заславським _cН. Яковенко |
||
| 300 | _aС. 150–171 | ||
| 650 | 7 |
_a908 Краєзнавство _2UDC |
|
| 773 | 0 |
_0329944 _9353822 _dОстрог ІІКМ 2006 _o102558 _tМетафора спільного дому _w(UA-OsUOA) 43826 _z966-7631-89-3 |
|
| 942 |
_cBKA _2udc |
||
| 955 | _a1 | ||